000 00481pab a2200157 454500
008 180718b2018 xxu||||| |||| 00| 0 eng d
100 _aHarris, Adam S. et al
245 _aThe economic roots of anti-immigrant prejudice in the global south: evidence from South Africa
260 _c2018
300 _ap.228-241.
362 _aMar
650 _aImmigration - South Africa
650 _aImmigration and Emmigration
773 _aPolitical Research Quarterly
909 _a117112
999 _c117106
_d117106